000 00343nam a2200145Ia 4500
003 LK-CoDNM
008 010623t1893 xxu||||| |||| 00| 1 eng d
040 _aLK-CoDNM
_dLK-CoDNM
_eLK-CoDNM
041 _aeng
080 _a50
_bC16
245 _aWilling Hearts
260 _bCeylon Examiner
_aColombo
_c1893
300 _b10P., 21 cm
942 _cBK
999 _c83759
_d83759